000 00622nam a2200193Ia 4500
005 20250507130156.0
008 008 250505s9999 xx 000 0 eng d
037 _aSeries Article
040 _aEASL
_beng
_cEASL
041 _aeng
_2eng
084 _qEASL
245 0 _aEconomic relations between the PRC and the states of Europe Markus Taube
260 _aUK
_bLondon School of Oriental & African Studies UK
_c2002
300 _a78-107
546 _aSpecial Issue on China and Europe since 1978 : A European perspective.
650 _aChina and Europe
942 _cSRA
999 _c1318104
_d1318104